3. univerzitní konference o modernizaci pedagogického procesu na vysokých školách sborník příspěvků přednesených na konferenci, která sa konala na filozofické fakultě Univerzity Palackého v Olomouci ve dnech 9.-12. září 1980

Salvato in:
Dettagli Bibliografici
Natura: Libro
Lingua:ceco
Pubblicazione: Olomouc Filozofická fakulta Univ. Palackého 1982
Tags: Aggiungi Tag
Nessun Tag, puoi essere il primo ad aggiungerne!!

MARC

LEADER 00000nam a2200000 4500
001 c130279
005 20250708092554.9
041 0 |a cze 
044 |a CZ 
245 1 0 |a 3. univerzitní konference o modernizaci pedagogického procesu na vysokých školách  |b sborník příspěvků přednesených na konferenci, která sa konala na filozofické fakultě Univerzity Palackého v Olomouci ve dnech 9.-12. září 1980 
264 1 |a Olomouc  |b Filozofická fakulta Univ. Palackého  |c 1982 
300 |a 251 s.